| 000 | 00347nam a2200145Ia 4500 | ||
|---|---|---|---|
| 005 | 20251222153627.0 | ||
| 008 | 251222s9999||||xx |||||||||||||| ||spa|| | ||
| 020 | _a9786124048241 | ||
| 082 | _a343.81/O73 | ||
| 100 | _aOrtega SalavarrÃa, Rosa | ||
| 245 | 0 | _aManual Tributario 2010 | |
| 250 | _a1 era. ed. | ||
| 264 | _bTinco S.A | ||
| 942 | _cLIB | ||
| 999 |
_c32197 _d32197 |
||